From silk to silicon : (Record no. 143738)

MARC details
000 -LEADER
fixed length control field 00676nam a22001937a 4500
005 - DATE AND TIME OF LATEST TRANSACTION
control field 20170824105507.0
010 ## - LCCN (DPL NO)
LC control number ENG-120088
020 ## - INTERNATIONAL STANDARD BOOK NUMBER
International Standard Book Number 9789386224576
Terms of availability 699.00
035 ## - SYSTEM CONTROL NUMBER
System control number EN-103620
037 ## - SOURCE OF ACQUISITION
Source of stock number/acquisition DBAD/PUB
082 ## - DEWEY DECIMAL CLASSIFICATION NUMBER
Classification number 337.109
100 ## - MAIN ENTRY--PERSONAL NAME
Personal name Garten, Jeffrey E.
245 ## - TITLE STATEMENT
Title From silk to silicon :
Remainder of title the story of globalization through ten extraordinary lives /
Statement of responsibility, etc by Jeffrey E. Garten
260 ## - PUBLICATION, DISTRIBUTION, ETC. (IMPRINT)
Place of publication, distribution, etc New Delhi
Name of publisher, distributor, etc Tranquebar Press An imprint of Westlamd Publications
Date of publication, distribution, etc 2017
270 ## - ADDRESS
Address 93,I Floor, Sham Lal Road, Daryaganj,
City New Delhi
Postal code 110002
300 ## - PHYSICAL DESCRIPTION
Extent xv,434p. :
Other physical details ill.
Dimensions 25cm(Hb)
500 ## - GENERAL NOTE
General note Includes index
942 ## - ADDED ENTRY ELEMENTS (KOHA)
Source of classification or shelving scheme Dewey Decimal Classification
Item type English Books
Classification part 337.109
Call number suffix GAR
Holdings
Withdrawn status Lost status Not for loan Collection code Home library Current library Date acquired Source of acquisition Cost, normal purchase price Full call number Barcode Copy number Cost, replacement price Koha item type
    Not For Loan Non-fiction D.B.Act.Division Bawana 24/08/2017 DBAD/PUB 699.00 337.109 GAR EN-103620 1 699.00 English Books

© Delhi Public Library
Hit Counter
free hit counter